Normal view
MARC view
- المصارف الاسلامية - العملاء
Entry Topical Term
001 - CONTROL NUMBER
- control field: 59784
003 - CONTROL NUMBER IDENTIFIER
- control field: JO-AjAnu
005 - DATE AND TIME OF LATEST TRANSACTION
- control field: 20230606083756.0
008 - FIXED-LENGTH DATA ELEMENTS
- fixed length control field: 230606|| aca||aabn | a|a d
040 ## - CATALOGING SOURCE
- Original cataloging agency: JO-AjAnu
- Transcribing agency: JO-AjAnu
150 ## - HEADING--TOPICAL TERM
- Topical term or geographic name entry element: المصارف الاسلامية - العملاء
670 ## - SOURCE DATA FOUND
- Source citation: Work cat.: (JO-AjAnu)30488: اعداد: عمايره، يوسف مصطفى احمد؛ اشراف: محي الدين يعقوب ابو الهول, author 59783, العوامل المؤثرة في اختيار المصارف الاسلامية من قبل العملاء = Factors affecting the selection of islamic banks by customers